| 000 -ლიდერი |
| ფიქსირებული სიგრძის საკონტროლო ველი |
01651nam a2200229Ia 4500 |
| 001 - საკონტროლო ნომერი |
| საკონტროლო ველი |
12339 |
| 003 - საკონტროლო ნომრის იდენტიფიკატორი |
| საკონტროლო ველი |
GE_BSU |
| 005 - ბოლო ოპერაციის თარიღი და დრო |
| საკონტროლო ველი |
20240705122742.0 |
| 008 - ფიქსირებული სიგრძის მონაცემთა ელემენტები - ზოგადი ინფორმაცია |
| ფიქსირებული სიგრძის საკონტროლო ველი |
181216s2013||||geo|||||||||||||| ||ge || |
| 020 ## - წიგნის საერთაშორისო სტანდარტული ნომერი |
| International Standard Book Number |
9789941061547 |
| 040 ## - კატალოგიზაციის წყარო |
| Transcribing agency |
GE_BSU |
| 041 ## - ენის კოდი |
| Language code of text/sound track or separate title |
geo |
| 080 ## - უნივერსალური ათობითი კლასიფიკაციის ინდექსი |
| Universal Decimal Classification number |
75(479.223)+821.353.1-1 ჰ-42 |
| 245 ## - ცნობა სათაურის შესახებ |
| Title |
ხასან ჰელიმიში = Hasan Helimishi : |
| Remainder of title |
[პოეზია, ფერწერა : კატალოგი] / |
| Statement of responsibility, etc |
პროექტის [და ტექსტის] ავტორი გიორგი ჯანბერიძე ; აჭარის ა/რ განათლების, კულტურისა და სპორტის სამინისტრო. |
| 264 ## - წარმოების, გამოცემის, დისტრიბუციის და სხვა ცნობები |
| გამოცემის, წარმოების, დისტრიბუციის... ადგილი |
ბათუმი : |
| გამოცემის, წარმოების, დისტრიბუციის... სახელწოდება |
სეზანი, |
| გამოცემის, წარმოების, დისტრიბუციის... თარიღი |
2013. |
| 300 ## - ფიზიკური აღწერა |
| Extent |
80 გვ. : |
| Other physical details |
ილ. ; |
| Dimensions |
26 სმ. |
| 520 ## - SUMMARY, ETC. |
| Summary, etc |
პროექტი განხორციელდა აჭარის ავტონომიური რესპუბლიკის განათლების,კულტურის და სპორტის სამინისტროს მხარდაჭერით. |
| 653 ## - INDEX TERM--UNCONTROLLED |
| Uncontrolled term |
აჭარელი მხატვრების ფერწერული ნამუშევრების ალბომები |
| 700 ## - ADDED ENTRY--PERSONAL NAME |
| Personal name |
ჯანბერიძე, გიორგი |
| Relator term |
პროექტის და ტექსტის ავტორი |
| 9 (RLIN) |
22733 |
| 710 ## - ADDED ENTRY--CORPORATE NAME |
| Corporate name or jurisdiction name as entry element |
აჭარის ა/რ განათლების, კულტურისა და სპორტის სამინისტრო |
| 9 (RLIN) |
5043 |
| 942 ## - ADDED ENTRY ELEMENTS (KOHA) |
| Koha item type |
წიგნი |
| Source of classification or shelving scheme |
|